| Tag |
First Indicator |
Second Indicator |
Subfields |
| LEADER |
00000cam a2200000 4500 |
| 001 |
in00000041699 |
| 005 |
20210501063742.0 |
| 008 |
730122s1965 nyua b 00010 eng u |
| 010 |
|
|
|a 65018426
|
| 035 |
|
|
|a (OCoLC)00543726
|
| 035 |
|
|
|9 AAF1952AM
|
| 040 |
|
|
|c WSU
|d TXA
|d UtOrBLW
|
| 049 |
|
|
|a TXAM
|c [453457]
|
| 050 |
0 |
0 |
|a QD515
|b .G3
|
| 092 |
|
|
|a 541.36
|b G234t, 1965
|
| 100 |
1 |
|
|a Garn, Paul D.
|
| 245 |
1 |
0 |
|a Thermoanalytical methods of investigation /
|c by Paul D. Garn.
|
| 264 |
|
1 |
|a New York :
|b Academic Press,
|c 1965.
|
| 300 |
|
|
|a xvi, 606 pages :
|b illustrations ;
|c 24 cm.
|
| 336 |
|
|
|a text
|b txt
|2 rdacontent
|
| 337 |
|
|
|a unmediated
|b n
|2 rdamedia
|
| 338 |
|
|
|a volume
|b nc
|2 rdacarrier
|
| 504 |
|
|
|a Bibliography: pages 536-568.
|
| 650 |
|
0 |
|a Thermal analysis.
|
| 650 |
|
0 |
|a Analytical chemistry
|x Quantitative.
|
| 999 |
|
|
|a MARS
|
| 999 |
f |
f |
|s 8eeeeb0c-44de-3f5f-820c-7f743f5fd7af
|i 4255e069-30d6-315c-951c-3c877d85e869
|t 0
|
| 952 |
f |
f |
|p ric
|a Texas A&M University
|b Rellis Campus
|c Joint Library Facility
|d Remote Storage
|t 0
|e QD515 .G3
|h Library of Congress classification
|i unmediated -- volume
|m A14800936884
|
| 998 |
f |
f |
|a QD515 .G3
|t 0
|l Remote Storage
|